| 000 | 01835nam a2200337 i 4500 | ||
|---|---|---|---|
| 003 | EG-ScBUE | ||
| 005 | 20230403104345.0 | ||
| 008 | 100422s2003 ua f 000 0 ara d | ||
| 017 | _a2003 / 14691 | ||
| 020 | _a977305554X | ||
| 040 |
_aEG-ScBUE _bara _erda _cEG-ScBUE _dEG-ScBUE |
||
| 082 | 0 | 4 |
_222 _a792.970 _bك ش ف |
| 240 | 1 | 0 |
_aExtreme exposure : an anthology of solo performance texts from the twentieth century. _lArabic |
| 245 | 0 | 0 |
_aكشف المحجوب : _bمختارات من نصوص الأداء المسرحي المنفرد في القرن العشرين / _cتحرير جو بوني ؛ ترجمة د. سومية مظلوم، مركز اللغات والترجمة بأكاديمية الفنون ؛مراجعة أ. د. عبد الحميد إبراهيم حسين. |
| 264 | 1 |
_a[القاهرة] : _bوزارة الثقافة، _c[2003] |
|
| 300 |
_a767 صفحة ؛ _c21 سم. |
||
| 336 |
_2rdacontent _aنص _btxt |
||
| 337 |
_2rdamedia _aبدون وسيط _bn |
||
| 338 |
_2rdacarrier _aمجلد _bnc |
||
| 490 | 0 |
_aمهرجان القاهرة الدولي للمسرح التجريبي ؛ _v15 |
|
| 546 | _aالنص باللغة العربية وتم ترجمته من اللغة الإنجليزية. | ||
| 650 | 7 |
_913660 _aالمسرحيات الانجليزية _xمجموعات. _2BUEsh |
|
| 650 | 7 |
_913661 _aالفن التمثيلي _zالولايات المتحدة الأمريكية. _2BUEsh |
|
| 650 | 7 |
_913662 _aالفن المسرحي _zالولايات المتحدة الأمريكية. _2BUEsh |
|
| 650 | 7 |
_913664 _aفن المنولوج _zالولايات المتحدة الأمريكية. _2BUEsh |
|
| 653 | _bART | ||
| 655 | _vReading book | ||
| 700 | 1 |
_aمظلوم، سومية، _eمترجم. |
|
| 700 | 1 |
_aحسين، عبد الحميد إبراهيم، _eمراجع. |
|
| 942 |
_2ddc _cBB |
||
| 999 |
_c13927 _d13927 |
||